00869nam a2200241 i 4500001001000000003000900010005001700019007000300036008004100039040003000080082002400110100002700134245005100161264009700212300002700309336002800336337003500364338003100399490007500430500007100505650002400576650002700600000011080DO-SdBNP20240412074222.0ta091014s1990 dr 000 p spa d aDO-SdBNPbspacBNPHUerda 4aRD861.44bM839m2221 aMorel, Tomás,eautor10aMi pueblo y otros poemas ... /cTomás Morel. aSantiago de los Caballeros, República Dominicana :bMuseo Folklorico Tomás Morel,c1990. a80 páginasa c21 cm. 2rdacontent atextobtxt 2rdamedia asin mediación bn 2rdacarrier avolumen bnc0 aBiblioteca Popular Dominicana del Museo Folklorico Tomás Morel ;v 1 aIncluye datos biográficos del autor en la solapa de la cubierta. 4aPoesía dominicana 0aLiteratura dominicana.